All Countries and Territories in the Caribbean - Statistics

General Stats
  • This quiz has been taken 324 times
  • The average score is 25 of 33
Answer Stats
Country/Territory % Correct
Bahamas
95%
Barbados
95%
Dominica
95%
Haiti
95%
Jamaica
95%
Antigua and Barbuda
94%
Cuba
94%
Dominican Republic
94%
Trinidad and Tobago
94%
Grenada
93%
Saint Kitts and Nevis
93%
Saint Lucia
93%
Saint Vincent and the Grenadines
93%
Aruba
89%
Puerto Rico
87%
British Virgin Islands
86%
Curaçao
82%
Saint Martin
82%
Guadeloupe
79%
Martinique
79%
United States Virgin Islands
79%
Anguilla
71%
Montserrat
71%
Cayman Islands
70%
Bonaire
69%
Sint Maarten
66%
Saint Barthélemy
61%
Saba
48%
Turks and Caicos Islands
48%
Sint Eustatius
43%
Nueva Esparta
12%
San Andrés and Providencia
11%
Federal Dependencies of Venezuela
9%
No matching quizzes found
Score Distribution
Percent of People with Each Score
Percentile by Number Answered
Your Score History
You have not taken this quiz